| 000 | 00694nam a2200193 a 4500 | ||
|---|---|---|---|
| 003 | 0 | ||
| 005 | 20250408112516.0 | ||
| 008 | 071122s19uu xx 00 eng d | ||
| 050 |
_aPHS SB 349 _b.H39 2007 |
||
| 100 | _aHayashi, Maricar. | ||
| 245 |
_aEffect of concentration of garlic (Allium sativum) extract on E. coli / _cMaricar Hayashi. |
||
| 260 |
_aLas PiƱas City, Philippines : _bSouthville International School and Colleges, _c2007. |
||
| 300 |
_a29 pages : _billustrations ; _c28 cm. |
||
| 504 | _aIncludes bibliographical references. | ||
| 650 |
_aGarlic _xTherapeutic use. |
||
| 650 | _aEscherichia coli. | ||
| 650 |
_aPlant extracts _xAntibacterial properties. |
||
| 942 |
_2lcc _cPASS |
||
| 999 |
_c97832 _d97832 |
||